000 01189cam a2200289 a 4500
001 000006497
005 20200929153935.0
008 961009s1995 ck b 000 0 spa
020 _a9589412106 (obra completa)
020 _a9589412122 (t. 1)
040 _aDO-SdBNP
_bspa
_cDLC
_dBNPHU
041 1 7 _aspa
_heng
082 _a986.104
_bG488f
100 1 _aGilmore, Robert Louis,
_d1913-
_918003
240 1 0 _aFederalismo en Colombia, 1810-1858.
_lEspañol
245 1 3 _aEl federalismo en Colombia, 1810-1858 /
_cRobert Louis Gilmore.
260 _aSantafe de Bogotá :
_bSociedad Santanderista de Colombia :
_bUniversidad Externado de Colombia,
_c1995.
300 _a2 v. ;
_c24 cm.
504 _aIncluye referencias bibliográficas (v. 2, p. 149-160).
504 _aIncluye notas y referencias al pie de las páginas
534 _aTítulo original :
_tFederalism in Colombia, 1810-1858.
651 4 _aColombia
_xHistoria
_xFederalismo
_y1810-1858
_918004
650 4 _aGobierno federal
_zColombia
_xHistoria
_ySIGLO XIX
_918005
651 4 _aColombia
_xPolítica Y Gobierno
_ySIGLO XIX
_918006
651 4 _aColombia
_xHistoria Constitucional
_918007
910 _aCatalogación por copia / LC
999 _c6288
_d6288